000 00775nam a2200253 i 4500
001 C2-0299436
003 PPAK
005 20180728081109.0
008 090727s2002 my a|||| ||||| | may d
020 _a9839959697
040 _aPPAK
_beng
_cPPAK
_erda
082 0 4 _a920.0595
_223
090 0 0 _a920.0595
_bGHU
_dKK
100 0 _aGulam JienM Khan,
_eauthor
245 1 0 _aManusia - manusia contoh di Malaysia dan dunia Jilid 1
264 1 _aNegeri Sembilan :
_bAinna's Publication ,
_c2002
300 _a212 pages :
_bcolour illustrations ;
_c30 cm
336 _2rdacontent
_atext
337 _2rdamedia
_aunmediated
338 _2rdacarrier
_avolume
500 _aSiri membentuk insan berakhlak mulia
650 1 0 _aBiography ; Malaysia - Biography
942 _ddc
_cB
999 _c103380
_d103380